000 00537ntaaa2200205 4500
003 01
005 20251027203314.0
008 0714s1973 ag 01
020 _a8482675095
040 _aAR-BaBN
_bspa
_cAR-BaBN
_eaacr
_dRIC
082 _a266 B46d
100 _aBertuzzi, Federico A.
_98680
245 _aEl despertar de las misiones /
_cFederico A. Bertuzzi
250 _a2a ed.
260 _aViladecavalls :
_bClie,
_c2006
300 _a216 p. ;
_c20 cm.
490 _aMisiones ;
_v8
650 _aMISIONOLOGIA
_96544
942 _cBK
999 _c28557
_d28557